Laimono Kalėdinis iššūkis - Statistics

General Stats
  • This quiz has been taken 2 times
  • The average score is 4 of 8
Answer Stats
Question Answer % Correct
Ką iš šių daiktų Milda dovanojo Laimonui 2023 metais Kalėdų proga? Lūpų balzamą
100%
Kurio regiono virtuvės maistą Laimonas ir Milda valgė 2023 metais paminėdami Kalėdas Groningene? Azijos
50%
Kur Laimonas ir Milda ėjo gerti kavos Vilniuje 2024 metais Kalėdų laikotarpiu? Caffeine
50%
Kur Laimonas ir Milda ėjo gerti kavos Vilniuje, 2023 metais Kalėdų laikotarpiu? Caffeine
50%
Kokį Kalėdinį filmą Laimonas ir Milda yra žiūrėję kartu? Klaus
50%
Kurios kultūros maistą Laimonas ir Milda valgė paminėdami Kalėdas kartu 2024 metais, gruodžio 23 d.? Meksikos
50%
Kaip Laimonas pasipuošė 2023 metų Kalėdų vakarėliui Groningene? Su eglutės lankeliu
50%
Kurią dieną Laimonas ir Milda ėjo į komedijos šou 2023 metais gruodį? 26
0%
No matching quizzes found
Score Distribution
Percent of People with Each Score
Percentile by Number Answered
Your Score History
You have not taken this quiz